LEADER 00687nac# 22001811i 450 001 UON00390202 005 20231205104608.349 100 $a20110322f |0itac50 ba 102 $aIT 105 $a|||| ||||| 110 $ab|||||||||| 200 1 $aAlchimie 210 $aTorino$cL'harmattan Italia. 463 1$1001UON00390201$12001 $aScrittori contemporanei del Québec$eantologia letteraria$f[a cura di] Lise Gauvin, Gaston Miron$gedizione italiana a cura di Graziano Benelli, Manuela Raccanello, Sergio Zoppi$1210 $aTorino$cL'harmattan Italia$d2005$1215 $a476 p.$d21 cm.$v7 801 $aIT$bSOL$c20240220$gRICA 912 $aUON00390202 996 $aAlchimie$91697037 997 $aUNIOR